[Event "Novorossiysk Small Land Rapid op"]
[Site "Novorossiysk"]
[Date "2023.07.26"]
[Round "2"]
[White "Kulygina, Uliyana"]
[Black "Truskavetsky, Alexandr"]
[Result "0-1"]
[WhiteElo "1552"]
[BlackElo "2363"]
[PlyCount "70"]
[EventDate "2023.07.26"]
[EventType "swiss (rapid)"]
[EventRounds "11"]
[EventCountry "RUS"]
[SourceTitle "CBM 215 Extra"]
[Source "ChessBase"]
[SourceDate "2023.09.30"]
[SourceVersion "1"]
[SourceVersionDate "2023.09.30"]
[SourceQuality "1"]

1. d4 Nf6 2. c4 c5 3. d5 b5 4. cxb5 a6 5. e3 axb5 6. Bxb5 Qa5+ 7. Nc3 Bb7 8. Bd2 Qb6 9. a4 Nxd5 10. Nxd5 Bxd5 11. Nf3 e6 12. Bc3 Be7 13. 0-0 0-0 14. Ne5 Qb7 15. Nc4 Bxc4 16. Bxc4 d5 17. Qg4 g6 18. Bb5 Nd7 19. Qf4 f6 20. Qg4 f5 21. Qg3 Nf6 22. Qe5 Kf7 23. f3 Rfd8 24. g4 Qb6 25. Rad1 d4 26. exd4 cxd4 27. Bd2 Nd5 28. Bh6 Bf6 29. Qe1 Ne3 30. Bxe3 dxe3 31. Kh1 Rxd1 32. Qxd1 Rd8 33. Qb3 e2 34. Re1 Qf2 35. Qc3 Bxc3 0-1